书目信息 |
| 题名: |
奇器图说
|
|
| 作者: | (明)邓玉函 撰 | |
| 分册: | ||
| 出版信息: | 北京 中国书店 2018.08 |
|
| 页数: | 284页 | |
| 开本: | 27cm | |
| 丛书名: | ||
| 单 册: | ||
| 中图分类: | O3-64 , TU6-64 | |
| 科图分类: | ||
| 主题词: | 力学--图解 , 工程机械--图解 | |
| 电子资源: | ||
| ISBN: | 978-7-5149-2075-8 | |
| 000 | 00989nam0 2200241 450 | |
| 001 | 5133 | |
| 005 | 20181014110619.88 | |
| 010 | @a978-7-5149-2075-8@dCNY136.00 | |
| 100 | @a20180429d2018 em y0chiy0110 ea | |
| 101 | 0 | @achi |
| 102 | @aCN@b110000 | |
| 105 | @ay z 000yy | |
| 200 | 1 | @a奇器图说@9qi qi tu shuo@f(明)邓玉函撰 |
| 210 | @a北京@c中国书店@d2018.08 | |
| 215 | @a284页@d27cm | |
| 330 | @a《奇器图说》三卷、《诸器图说》一卷,明西洋人邓玉函、明王徵撰。大旨谓天地生物,有数,有度,有重。数为算法,度为测量,重则即此力艺之学,皆相资而成,故先论重之本体,以明立法之所以然,凡六十一条。次论各色器具之法,凡九十二条。次起重十一图,引重四图,转重二图,取水九图,转磨十五图,解木四图,解石、转碓、书架、水日晷、代耕各一图,水铳四图,图皆有说,而於农器水法尤为详备。 | |
| 606 | 0 | @a力学@x图解 |
| 606 | 0 | @a工程机械@x图解 |
| 690 | @aO3-64@v5 | |
| 690 | @aTU6-64@v5 | |
| 701 | 0 | @a(明)邓玉函@9( ming ) deng yu han@4撰 |
| 801 | 0 | @aCN@b91CIP@c20180429 |
| 905 | @aMuseLib@dO3-64@e82 | |
| 奇器图说/(明)邓玉函撰.-北京:中国书店,2018.08 |
| 284页;27cm |
| ISBN 978-7-5149-2075-8:CNY136.00 |
| 《奇器图说》三卷、《诸器图说》一卷,明西洋人邓玉函、明王徵撰。大旨谓天地生物,有数,有度,有重。数为算法,度为测量,重则即此力艺之学,皆相资而成,故先论重之本体,以明立法之所以然,凡六十一条。次论各色器具之法,凡九十二条。次起重十一图,引重四图,转重二图,取水九图,转磨十五图,解木四图,解石、转碓、书架、水日晷、代耕各一图,水铳四图,图皆有说,而於农器水法尤为详备。 |
| ● |
| 相关链接 |
|
|
|
|
正题名:奇器图说
索取号:O3-64/82
 
预约/预借
| 序号 | 登录号 | 条形码 | 馆藏地/架位号 | 状态 | 备注 |
| 1 | 1128278 | 211282789 | 第二样本阅览室/ [索取号:O3-64/82] | 在馆 | |
| 2 | 1128279 | 211282798 | 第三借阅区/ [索取号:O3-64/82] | 在馆 | |
| 3 | 1128280 | 211282805 | 第三借阅区/ [索取号:O3-64/82] | 在馆 |